| LEADER |
01344nam0a2200229 450 |
| 001 |
16868355 |
| 010 |
|
|
|a 978-2-8189-3448-7
|b rel.
|d 11,95
|
| 100 |
|
|
|a 20260529d2026 u u0frey01 ba
|
| 101 |
0 |
|
|a fre
|
| 102 |
|
|
|a FR
|
| 200 |
0 |
|
|a Survitaminées !
|f dessins & couleurs, William
|g scénario, Cazenove & William
|
| 207 |
|
1 |
|a
|
| 210 |
|
|
|a Charnay-lès-Mâcon
|c Bamboo édition
|d DL 2015
|
| 215 |
|
|
|a 1 vol. (46 p.)
|c ill. en coul.
|d 30 cm
|
| 225 |
1 |
|
|a Les sisters
|v 10
|
| 330 |
|
|
|a Les Sisters participent à la Portnawak Run, une course qui se déroule dans les bois pas loin de la maison et qui regroupe tout un tas d'épreuves complètement dingos ! Courir dans la boue, grimper à des arbres ou encore bondir d'un rocher à l'autre : la petite sister Marine fait déjà ça tous les jours quand elle court sur le canapé, qu'elle grimpe sur l'armoire ou qu'elle bondit d'un fauteuil à l'autre ! Quant à Wendy, elle n'a pas besoin de s'entraîner puisque elle aurait droit à un bisou-qui-donne-des-ailes de Maxence avant chaque épreuve !
|
| 461 |
|
0 |
|t Les sisters
|v 10
|
| 700 |
|
0 |
|a Maury
|b William
|f 1969-....
|4 440
|
| 702 |
|
0 |
|a Cazenove
|b Christophe
|c scénariste BD
|f 1969-....
|4 70
|
| 900 |
|
|
|a Bande Dessinée (enfants)
|
| 901 |
|
|
|a Jeunesse
|
| 995 |
|
|
|a Médiathèque
|c Médiathèque
|f 089021905
|h 089021905
|k BD SIS
|o p
|q j
|r az
|e Médiathèque
|